Central Library OPAC University of Rajshahi

Laboratory manual for zoology / (Record no. 73188)

MARC details
000 -LEADER
fixed length control field 01023nam a2200277 a 4500
001 - CONTROL NUMBER
control field 73188
003 - CONTROL NUMBER IDENTIFIER
rucl marc code BD-RjUL
005 - DATE AND TIME OF LATEST TRANSACTION
control field 20211209082347.0
008 - FIXED-LENGTH DATA ELEMENTS--GENERAL INFORMATION
fixed length control field 170529r19651958nyu 000 0 eng d
035 ## - SYSTEM CONTROL NUMBER
System control number (BD-RjUL)73406
040 ## - CATALOGING SOURCE
Original cataloging agency DLC
Transcribing agency OCU
Modifying agency BD-RjUL
Language of cataloging eng
041 ## - LANGUAGE CODE
Language code of text/sound track or separate title eng
082 ## - DEWEY DECIMAL CLASSIFICATION NUMBER
Edition number 23
Classification number 590
Author mark and year STL 1965
100 1# - MAIN ENTRY--PERSONAL NAME
Personal name Storer, Tracy I.
Fuller form of name (Tracy Irwin),
Dates associated with a name 1889-1973
9 (RLIN) 216497
245 00 - TITLE STATEMENT
Title Laboratory manual for zoology /
Statement of responsibility, etc. [by] Tracy I. Storer [and] Robert L. Usinger.
250 ## - EDITION STATEMENT
Edition statement 3d ed., rev.
260 ## - PUBLICATION, DISTRIBUTION, ETC. (IMPRINT)
Place of publication, distribution, etc. New York :
Name of publisher, distributor, etc. McGraw-Hill,
Date of publication, distribution, etc. c1965.
300 ## - PHYSICAL DESCRIPTION
Pagination x, 181 p. :
Illustrations ill. ;
Size 24cm.
500 ## - GENERAL NOTE
General note Previous editions by Dr. Storer published under title: Laboratory manual for general zoology.
650 #0 - SUBJECT ADDED ENTRY--TOPICAL TERM
Topical term or geographic name as entry element Zoology
9 (RLIN) 210939
700 1# - ADDED ENTRY--PERSONAL NAME
Personal name Usinger, Robert L.
Fuller form of name (Robert Leslie),
Dates associated with a name 1912-1968,
Relator term joint author.
830 ## - SERIES ADDED ENTRY--UNIFORM TITLE
Uniform title McGraw-Hill publications in the zoological sciences.
942 ## - ADDED ENTRY ELEMENTS (KOHA)
Source of classification or shelving scheme Dewey Decimal Classification
Koha item type Books
Holdings
Lost status Source of classification or shelving scheme Damaged status Not for loan Collection code Permanent Location Current Location Shelving location Date acquired Source of acquisition Cost, normal purchase price Total Checkouts Full call number Date last seen Copy number Koha item type
  Dewey Decimal Classification   Not For Loan Non-fiction Central Library, University of Rajshahi Central Library, University of Rajshahi Reading Room 31/03/1967 Book View 24.00   590 STL 1965 29/05/2017 C-1 Books